01770cam a22003138i 45000010009000000050017000090060018000260070015000440080041000590100017001000200018001170200018001350200018001530400023001710420008001940500022002020820019002241000049002432450060002922500019003522630009003713000022003804900054004025040051004565200751005076500018012586500028012767760152013042203116120240812150359.0m |o d | cr_|||||||||||210428s2022 nju ob 001 0 eng c a 2021019320 a9781119737384 a9781119737377 z9781119737360 aDLCbengcDLCerda apcc00aTA 1800 .A47 202100a621.382/752231 aAgrawal, G. P.q(Govind P.),d1951-eauthor.10aFiber-optic communication systems /cGovind P. Agrawal. aFifth edition. a2107 a1 online resource0 aWiley series in microwave and optical engineering aIncludes bibliographical references and index. a"The fifth edition introduces new developments in fiber optics communications not covered or not sufficiently covered in the previous edition. Chapters 1 through 9 have relatively minor updates or changes. The major updates are found in Chapters 10, 11, and 12, where topics relating to coherence detection, space division multiplexing, and more advanced topics are extensively discussed. In particular, in Chapter 10 the author has systematically organized the knowledge generated in recent years due to the explosive commercial adoption of coherence detection. In addition, space division multiplexing is a technology that has attracted major research and development efforts but is still in need of comprehensive treatment for new learners."-- 0aFiber optics. 0aOptical communications.08iPrint version:aAgrawal, G. P. 1951-tFiber-optic communication systemsbFifth edition.dHoboken, NJ : Wiley, 2022z9781119737360w(DLC) 2021019319